[Event "Titled Tuesday intern op 21st Dec"]
[Site "Chess.com INT"]
[Date "2021.12.21"]
[Round "9"]
[White "Hasman, Cengiz"]
[Black "Tasev, Dejan"]
[Result "0-1"]
[WhiteElo "2101"]
[BlackElo "2272"]
[PlyCount "98"]
[EventDate "2021.12.21"]
[EventType "swiss (blitz)"]
[EventRounds "11"]
[EventCountry "USA"]
[SourceTitle "CBM 205 Extra"]
[Source "ChessBase"]
[SourceDate "2022.01.31"]
[SourceVersion "1"]
[SourceVersionDate "2022.01.31"]
[SourceQuality "1"]

1. d4 Nf6 2. c4 g6 3. Nc3 Bg7 4. e4 d6 5. Nge2 0-0 6. Ng3 c5 7. d5 Nbd7 8. Be2 a6 9. a4 b6 10. 0-0 Bb7 11. h3 Ne8 12. Bg5 h6 13. Be3 e6 14. Qd2 exd5 15. exd5 Kh7 16. f4 f5 17. Bd3 Ndf6 18. Nxf5 gxf5 19. Bxf5+ Kh8 20. Be6 Nc7 21. f5 Kh7 22. Bf4 b5 23. b3 Nh5 24. Bh2 Qh4 25. Ne2 bxc4 26. bxc4 Qxc4 27. Rad1 Nxe6 28. dxe6 Qe4 29. Ng3 Nxg3 30. Bxg3 Bd4+ 31. Kh2 Rxf5 32. Rxf5 Qxf5 33. e7 Re8 34. Re1 d5 35. Qe2 Qg6 36. Rf1 Bg7 37. Re1 d4 38. Qb2 Qc6 39. Qf2 Qf6 40. Qb2 Bd5 41. Qe2 Qf7 42. Bd6 c4 43. Rf1 Qe6 44. Qxe6 Bxe6 45. Re1 Bd5 46. Rf1 d3 47. Bb4 Kg6 48. g4 Bf6 49. Kg3 Bxe7 0-1

[Event "Titled Tuesday intern op 14th Dec"]
[Site "Chess.com INT"]
[Date "2021.12.14"]
[Round "10"]
[White "Butti, Enrique"]
[Black "Hasman, Cengiz"]
[Result "1/2-1/2"]
[WhiteElo "2065"]
[BlackElo "2101"]
[PlyCount "152"]
[EventDate "2021.12.14"]
[EventType "swiss (blitz)"]
[EventRounds "11"]
[EventCountry "USA"]
[SourceTitle "EXT 2023"]
[Source "ChessBase"]
[SourceDate "2022.10.05"]
[SourceVersion "1"]
[SourceVersionDate "2022.10.05"]
[SourceQuality "1"]

1. d4 d6 2. c4 Nf6 3. Nc3 g6 4. Nf3 Bg7 5. Bg5 0-0 6. e3 h6 7. Bh4 Nc6 8. Be2 Bf5 9. Nd2 g5 10. Bg3 e5 11. d5 Ne7 12. 0-0 Bh7 13. f4 exf4 14. exf4 Nf5 15. Bd3 Nxg3 16. Bxh7+ Kxh7 17. hxg3 Qe7 18. Qc2+ Kg8 19. Rae1 Qd7 20. f5 Rae8 21. Nde4 Nxe4 22. Nxe4 Bd4+ 23. Kh2 f6 24. Qd1 Be5 25. Qh5 Kg7 26. Qg6+ Kh8 27. Qxh6+ Qh7 28. Qxh7+ Kxh7 29. Kh3 b6 30. b3 Kg7 31. Kg4 Rh8 32. Rh1 a5 33. Ref1 a4 34. b4 Ra8 35. b5 a3 36. Nd2 Ra4 37. Rxh8 Kxh8 38. Rc1 Rb4 39. Rc2 Rb2 40. Rxb2 axb2 41. Kf3 Bc3 42. Nb1 Bb4 43. g4 Bc5 44. Ke2 Bd4 45. Kd3 Be5 46. Kc2 Kg7 47. Nd2 Kf7 48. Nf3 Ke7 49. Ne1 Kd7 50. Nd3 Bd4 51. Nxb2 Bxb2 52. Kxb2 Kc8 53. Kb3 Kb7 54. Kb4 Ka7 55. a4 Kb7 56. a5 bxa5+ 57. Kxa5 Ka7 58. Ka4 Kb6 59. Kb4 Kb7 60. c5 Ka7 61. b6+ cxb6 62. cxd6 Kb7 63. Kb5 Kc8 64. Kc6 Kd8 65. Kxb6 Kd7 66. Kc5 Kd8 67. Kc6 Kc8 68. Kb6 Kd7 69. Kc5 Kd8 70. d7 Kxd7 71. d6 Kd8 72. Kd4 Ke8 73. Kd5 Kd7 74. Kc5 Kd8 75. Kc6 Kc8 76. Kc5 Kd8 1/2-1/2

[Event "Titled Tuesday intern op 14th Dec"]
[Site "Chess.com INT"]
[Date "2021.12.14"]
[Round "4"]
[White "Florescu, Codrut Constantin"]
[Black "Hasman, Cengiz"]
[Result "0-1"]
[WhiteElo "2285"]
[BlackElo "2101"]
[PlyCount "60"]
[EventDate "2021.12.14"]
[EventType "swiss (blitz)"]
[EventRounds "11"]
[EventCountry "USA"]
[SourceTitle "EXT 2023"]
[Source "ChessBase"]
[SourceDate "2022.10.05"]
[SourceVersion "1"]
[SourceVersionDate "2022.10.05"]
[SourceQuality "1"]

1. d4 d6 2. e4 Nf6 3. f3 Nbd7 4. c4 e5 5. d5 a5 6. Nc3 Nc5 7. Be3 Be7 8. Bd3 0-0 9. Nge2 Ne8 10. Bc2 g6 11. 0-0 Ng7 12. Qd2 f5 13. b3 b6 14. a3 f4 15. Bf2 g5 16. b4 Nd7 17. g4 Nf6 18. Nb5 h5 19. h3 hxg4 20. hxg4 Nxg4 21. fxg4 Bxg4 22. bxa5 Rxa5 23. a4 Qd7 24. Ra3 Bh3 25. Re1 Qg4+ 26. Ng3 Nh5 27. Bd1 f3 28. Bxf3 Rxf3 29. Ree3 Nxg3 30. Rxf3 Ne2+ 0-1

[Event "Titled Tuesday intern op 14th Dec"]
[Site "Chess.com INT"]
[Date "2021.12.14"]
[Round "3"]
[White "Hasman, Cengiz"]
[Black "Jakubowski, Krzysztof"]
[Result "1/2-1/2"]
[WhiteElo "2101"]
[BlackElo "2471"]
[PlyCount "94"]
[EventDate "2021.12.14"]
[EventType "swiss (blitz)"]
[EventRounds "11"]
[EventCountry "USA"]
[SourceTitle "EXT 2023"]
[Source "ChessBase"]
[SourceDate "2022.10.05"]
[SourceVersion "1"]
[SourceVersionDate "2022.10.05"]
[SourceQuality "1"]

1. d4 Nf6 2. c4 e6 3. Bg5 h6 4. Bh4 c5 5. d5 exd5 6. cxd5 d6 7. Nc3 Nbd7 8. Nf3 b5 9. Nxb5 Qa5+ 10. Nc3 Rb8 11. Rb1 Ba6 12. Qd2 g5 13. Bg3 Nb6 14. b3 Nbxd5 15. Nxd5 Qxd2+ 16. Kxd2 Nxd5 17. e4 Bxf1 18. Rhxf1 Nb4 19. e5 Rd8 20. Ke3 Nc2+ 21. Kd2 Na3 22. Rbd1 dxe5+ 23. Kc1 f6 24. Rxd8+ Kxd8 25. Rd1+ Kc8 26. Nd2 Be7 27. Ne4 Rd8 28. Rxd8+ Kxd8 29. h4 Kd7 30. hxg5 hxg5 31. f3 Kc6 32. Bf2 f5 33. Nc3 a6 34. g4 f4 35. Ne4 Nb5 36. a4 Nc7 37. Kc2 Ne6 38. Kd3 Kd5 39. Nc3+ Kc6 40. Ne4 Nd8 41. Kc4 Nb7 42. Bg1 Nd6+ 43. Nxd6 Bxd6 44. Bf2 Be7 45. Bg1 Bd6 46. Bf2 Be7 47. Bg1 Bd6 1/2-1/2

[Event "Titled Tuesday intern op 14th Dec"]
[Site "Chess.com INT"]
[Date "2021.12.14"]
[Round "5"]
[White "Hasman, Cengiz"]
[Black "Sawlin, Leonid"]
[Result "1/2-1/2"]
[WhiteElo "2101"]
[BlackElo "2409"]
[PlyCount "50"]
[EventDate "2021.12.14"]
[EventType "swiss (blitz)"]
[EventRounds "11"]
[EventCountry "USA"]
[SourceTitle "EXT 2023"]
[Source "ChessBase"]
[SourceDate "2022.10.05"]
[SourceVersion "1"]
[SourceVersionDate "2022.10.05"]
[SourceQuality "1"]

1. d4 e6 2. c4 d5 3. Nc3 c6 4. e3 f5 5. Nf3 Nf6 6. Bd3 Bd6 7. 0-0 0-0 8. Qc2 Qe7 9. a3 Nbd7 10. b4 b6 11. b5 c5 12. cxd5 Nxd5 13. Nxd5 exd5 14. Bxf5 Nf6 15. Bxc8 Raxc8 16. dxc5 bxc5 17. Bb2 Ne4 18. Rad1 Rxf3 19. gxf3 Qg5+ 20. Kh1 Qh5 21. f4 Qf3+ 22. Kg1 Qg4+ 23. Kh1 Qf3+ 24. Kg1 Qg4+ 25. Kh1 Qf3+ 1/2-1/2

[Event "Titled Tuesday intern op 07th Dec"]
[Site "Chess.com INT"]
[Date "2021.12.07"]
[Round "5"]
[White "Hasman, Cengiz"]
[Black "Bongo Akanga Ndjila, Barthelemy"]
[Result "1-0"]
[WhiteElo "2101"]
[BlackElo "1803"]
[PlyCount "79"]
[EventDate "2021.12.07"]
[EventType "swiss (blitz)"]
[EventRounds "11"]
[EventCountry "USA"]
[SourceTitle "CBM 205 Extra"]
[Source "ChessBase"]
[SourceDate "2022.01.31"]
[SourceVersion "1"]
[SourceVersionDate "2022.01.31"]
[SourceQuality "1"]

1. d4 d6 2. c4 g6 3. Nc3 Bg7 4. e4 Nc6 5. Nge2 e5 6. Be3 Nh6 7. f3 f5 8. Qd2 Nf7 9. 0-0-0 0-0 10. d5 Ne7 11. c5 a6 12. Kb1 b5 13. cxb6 cxb6 14. Na4 Rb8 15. b3 b5 16. Nb2 Bd7 17. Rc1 a5 18. Nc3 a4 19. bxa4 bxa4 20. Ka1 a3 21. Nc4 Qc7 22. Bd3 Rfc8 23. Rb1 Qd8 24. Rxb8 Rxb8 25. Rb1 Rxb1+ 26. Bxb1 Qb8 27. Nxa3 Qb4 28. Qb2 Qa5 29. Nc4 Qc7 30. Bd3 fxe4 31. fxe4 Bh6 32. Bxh6 Nxh6 33. h3 g5 34. Qb6 Qxb6 35. Nxb6 Be8 36. a4 g4 37. a5 gxh3 38. gxh3 Nf7 39. a6 Nd8 40. a7 1-0

[Event "Titled Tuesday intern op 07th Dec"]
[Site "Chess.com INT"]
[Date "2021.12.07"]
[Round "8"]
[White "Hasman, Cengiz"]
[Black "Santos, Rafael Ventura Dos"]
[Result "0-1"]
[WhiteElo "2101"]
[BlackElo "2170"]
[PlyCount "172"]
[EventDate "2021.12.07"]
[EventType "swiss (blitz)"]
[EventRounds "11"]
[EventCountry "USA"]
[SourceTitle "CBM 205 Extra"]
[Source "ChessBase"]
[SourceDate "2022.01.31"]
[SourceVersion "1"]
[SourceVersionDate "2022.01.31"]
[SourceQuality "1"]

1. d4 Nf6 2. c4 g6 3. Nc3 Bg7 4. e4 d6 5. Nge2 0-0 6. Ng3 e5 7. d5 a5 8. Be2 Na6 9. h4 h5 10. Bg5 Qe8 11. Qd2 a4 12. 0-0-0 a3 13. b3 Ng4 14. Bxg4 Bxg4 15. f3 Bd7 16. Bh6 Nc5 17. Bxg7 Kxg7 18. Qg5 Kh7 19. Nge2 b5 20. cxb5 Bxb5 21. g4 Nd3+ 22. Rxd3 Bxd3 23. gxh5 f6 24. Qe3 Bxe2 25. Nxe2 gxh5 26. Ng3 Qg6 27. Nf5 Rg8 28. Kb1 Ra5 29. Rc1 Rc5 30. Re1 c6 31. dxc6 Rxc6 32. Rd1 Rgc8 33. Qa7+ R8c7 34. Qxa3 Qg2 35. Qb2 Rc2 36. Qa3 Qxf3 37. Qxd6 Qxe4 38. Qd3 Qxd3 39. Rxd3 Rc1+ 40. Kb2 R1c2+ 41. Ka3 Rf2 42. Ng3 Ra7+ 43. Kb4 Rfxa2 44. Nxh5 R2a6 45. Rg3 Rb6+ 46. Kc3 Rab7 47. Kb2 f5 48. Kc2 f4 49. Rg5 Kh6 50. Rxe5 Rxb3 51. Nxf4 Rf3 52. Nd3 Rc7+ 53. Kd2 Rd7 54. Ke2 Rfxd3 55. h5 Rd2+ 56. Ke3 R2d5 57. Re6+ Kxh5 58. Re8 Rd3+ 59. Ke2 Rd1 60. Rh8+ Kg6 61. Rg8+ Kf7 62. Ra8 R1d6 63. Ke3 Re6+ 64. Kf4 Ke7 65. Kf3 Rf6+ 66. Ke4 Re6+ 67. Kf4 Rb7 68. Kf5 Rc6 69. Ke4 Rb5 70. Kd4 Rh6 71. Kc4 Rg5 72. Ra7+ Kd8 73. Ra8+ Kc7 74. Kd4 Rh4+ 75. Ke3 Rg3+ 76. Kf2 Rb3 77. Ra7+ Kb8 78. Rg7 Ra4 79. Rg8+ Kc7 80. Rg7+ Kd8 81. Rg8+ Ke7 82. Rc8 Ra2+ 83. Ke1 Rh3 84. Rc7+ Kd8 85. Rg7 Rh1+ 86. Rg1 Rxg1# 0-1

[Event "Titled Tuesday intern op 07th Dec"]
[Site "Chess.com INT"]
[Date "2021.12.07"]
[Round "3"]
[White "Lin, Dachey"]
[Black "Hasman, Cengiz"]
[Result "1-0"]
[WhiteElo "2243"]
[BlackElo "2101"]
[PlyCount "91"]
[EventDate "2021.12.07"]
[EventType "swiss (blitz)"]
[EventRounds "11"]
[EventCountry "USA"]
[SourceTitle "CBM 205 Extra"]
[Source "ChessBase"]
[SourceDate "2022.01.31"]
[SourceVersion "1"]
[SourceVersionDate "2022.01.31"]
[SourceQuality "1"]

1. Nc3 Nf6 2. e4 d6 3. f4 d5 4. e5 d4 5. Nce2 Nd5 6. Nf3 c5 7. c3 d3 8. Ng3 Nc6 9. Qa4 Nb6 10. Qe4 c4 11. b3 Be6 12. bxc4 Bxc4 13. Rb1 e6 14. f5 Qd5 15. Qxd5 exd5 16. a3 0-0-0 17. Nh5 Re8 18. Nf4 Nxe5 19. Kf2 Bc5+ 20. Kg3 Nxf3 21. Kxf3 Re1 22. g3 Rhe8 23. Ra1 d4 24. Bb2 Rxa1 25. Bxa1 Re1 26. Bg2 Rxh1 27. Bxh1 dxc3 28. Bxc3 f6 29. Ke4 Bb5 30. Bg2 Bc6+ 31. Kxd3 Bxg2 32. Nxg2 Bxa3 33. Nf4 Be7 34. Ke4 Kd7 35. Nh5 Bf8 36. Nf4 Nc4 37. Ne6 Ke8 38. g4 a5 39. Kd5 b5 40. Nc7+ Kd7 41. Nxb5 Nb6+ 42. Ke4 Kc6 43. Nd4+ Kd7 44. Bxa5 Nc4 45. Bc3 Nd6+ 46. Kd5 1-0

[Event "Titled Tuesday intern op 30th Nov"]
[Site "Chess.com INT"]
[Date "2021.11.30"]
[Round "5"]
[White "Gunduz, Umut Erdem"]
[Black "Hasman, Cengiz"]
[Result "1-0"]
[WhiteElo "2230"]
[BlackElo "2101"]
[PlyCount "83"]
[EventDate "2021.11.30"]
[EventType "swiss (blitz)"]
[EventRounds "11"]
[EventCountry "USA"]
[SourceTitle "CBM 205 Extra"]
[Source "ChessBase"]
[SourceDate "2022.01.31"]
[SourceVersion "1"]
[SourceVersionDate "2022.01.31"]
[SourceQuality "1"]

1. e4 d6 2. d4 Nf6 3. Nc3 Nbd7 4. Nf3 e5 5. Bc4 Be7 6. 0-0 c6 7. a4 a5 8. Re1 h6 9. h3 Qc7 10. b3 Nf8 11. Ba3 Ng6 12. Qd2 Nf4 13. Rad1 g5 14. dxe5 dxe5 15. Bxe7 Qxe7 16. Qd6 Ng6 17. Nh2 Nf4 18. Nf1 g4 19. h4 Qxd6 20. Rxd6 Ke7 21. Rd2 Be6 22. Ne3 Rad8 23. Red1 Rxd2 24. Rxd2 Rd8 25. Rxd8 Kxd8 26. Bxe6 fxe6 27. Nc4 Ng6 28. Nxa5 Kc7 29. g3 Nd7 30. Nc4 b6 31. Kf1 Nh8 32. Ke2 Nf7 33. Nd1 Nd6 34. Nxd6 Kxd6 35. Ne3 h5 36. f3 gxf3+ 37. Kxf3 Nc5 38. Nc4+ Kc7 39. Nxe5 b5 40. axb5 cxb5 41. Nd3 Nd7 42. Nf4 1-0